<?xml version="1.0" encoding="UTF-8"?>
<collection xmlns="http://www.loc.gov/MARC21/slim">
 <record>
  <leader>02413nam a22003137a 4500</leader>
  <controlfield tag="001">NCT_9297</controlfield>
  <controlfield tag="008">171025b        xxu||||| |||| 00| 0 vie d</controlfield>
  <datafield tag="999" ind1=" " ind2=" ">
   <subfield code="c">461</subfield>
   <subfield code="d">461</subfield>
  </datafield>
  <datafield tag="020" ind1=" " ind2=" ">
   <subfield code="a">9786048665258</subfield>
   <subfield code="c">91000</subfield>
  </datafield>
  <datafield tag="082" ind1=" " ind2=" ">
   <subfield code="2">22nd  ed.</subfield>
   <subfield code="a">340.09</subfield>
   <subfield code="b">L302</subfield>
  </datafield>
  <datafield tag="100" ind1="1" ind2=" ">
   <subfield code="a">Nguyễn Thị Thương Huyền</subfield>
  </datafield>
  <datafield tag="245" ind1="1" ind2="0">
   <subfield code="a">Giáo trình lịch sử nhà nước và pháp luật Việt Nam</subfield>
   <subfield code="c">Nguyễn Thị Thương Huyền</subfield>
  </datafield>
  <datafield tag="260" ind1=" " ind2=" ">
   <subfield code="a">TP HCM</subfield>
   <subfield code="b">Hồng Đức</subfield>
   <subfield code="c">2015</subfield>
  </datafield>
  <datafield tag="300" ind1=" " ind2=" ">
   <subfield code="a">501 tr.</subfield>
   <subfield code="c">21 cm</subfield>
  </datafield>
  <datafield tag="520" ind1="3" ind2=" ">
   <subfield code="a">Trang bị cho sinh viên hiểu  biết về quá trình hình thành và phát triển về nhà nước và pháp luật trong lịch sử Việt Nam.</subfield>
  </datafield>
  <datafield tag="653" ind1=" " ind2=" ">
   <subfield code="a">Lịch sử của luật</subfield>
  </datafield>
  <datafield tag="655" ind1=" " ind2=" ">
   <subfield code="a">Luật</subfield>
  </datafield>
  <datafield tag="942" ind1=" " ind2=" ">
   <subfield code="2">ddc</subfield>
   <subfield code="c">BK</subfield>
  </datafield>
  <datafield tag="952" ind1=" " ind2=" ">
   <subfield code="0">0</subfield>
   <subfield code="1">0</subfield>
   <subfield code="2">ddc</subfield>
   <subfield code="4">0</subfield>
   <subfield code="6">340_090000000000000_L302</subfield>
   <subfield code="7">0</subfield>
   <subfield code="9">2178</subfield>
   <subfield code="a">000001</subfield>
   <subfield code="b">000001</subfield>
   <subfield code="d">2017-10-25</subfield>
   <subfield code="l">2</subfield>
   <subfield code="o">340.09 L302</subfield>
   <subfield code="p">MD.02290</subfield>
   <subfield code="r">2020-09-28</subfield>
   <subfield code="s">2020-09-24</subfield>
   <subfield code="v">91000.00</subfield>
   <subfield code="w">2017-10-25</subfield>
   <subfield code="y">BK</subfield>
  </datafield>
  <datafield tag="952" ind1=" " ind2=" ">
   <subfield code="0">0</subfield>
   <subfield code="1">0</subfield>
   <subfield code="2">ddc</subfield>
   <subfield code="4">0</subfield>
   <subfield code="6">340_090000000000000_L302</subfield>
   <subfield code="7">0</subfield>
   <subfield code="9">2179</subfield>
   <subfield code="a">000001</subfield>
   <subfield code="b">000001</subfield>
   <subfield code="d">2017-10-25</subfield>
   <subfield code="o">340.09 L302</subfield>
   <subfield code="p">MD.02293</subfield>
   <subfield code="r">2017-10-25</subfield>
   <subfield code="v">91000.00</subfield>
   <subfield code="w">2017-10-25</subfield>
   <subfield code="y">BK</subfield>
  </datafield>
  <datafield tag="952" ind1=" " ind2=" ">
   <subfield code="0">0</subfield>
   <subfield code="1">0</subfield>
   <subfield code="2">ddc</subfield>
   <subfield code="4">0</subfield>
   <subfield code="6">340_090000000000000_L302</subfield>
   <subfield code="7">0</subfield>
   <subfield code="9">2180</subfield>
   <subfield code="a">000001</subfield>
   <subfield code="b">000001</subfield>
   <subfield code="d">2017-10-25</subfield>
   <subfield code="o">340.09 L302</subfield>
   <subfield code="p">MD.02298</subfield>
   <subfield code="r">2017-10-25</subfield>
   <subfield code="v">91000.00</subfield>
   <subfield code="w">2017-10-25</subfield>
   <subfield code="y">BK</subfield>
  </datafield>
  <datafield tag="952" ind1=" " ind2=" ">
   <subfield code="0">0</subfield>
   <subfield code="1">0</subfield>
   <subfield code="2">ddc</subfield>
   <subfield code="4">0</subfield>
   <subfield code="6">340_090000000000000_L302</subfield>
   <subfield code="7">0</subfield>
   <subfield code="9">2181</subfield>
   <subfield code="a">000001</subfield>
   <subfield code="b">000001</subfield>
   <subfield code="d">2017-10-25</subfield>
   <subfield code="o">340.09 L302</subfield>
   <subfield code="p">MD.02281</subfield>
   <subfield code="r">2017-10-25</subfield>
   <subfield code="v">91000.00</subfield>
   <subfield code="w">2017-10-25</subfield>
   <subfield code="y">BK</subfield>
  </datafield>
  <datafield tag="952" ind1=" " ind2=" ">
   <subfield code="0">0</subfield>
   <subfield code="1">0</subfield>
   <subfield code="2">ddc</subfield>
   <subfield code="4">0</subfield>
   <subfield code="6">340_090000000000000_L302</subfield>
   <subfield code="7">0</subfield>
   <subfield code="9">2182</subfield>
   <subfield code="a">000001</subfield>
   <subfield code="b">000001</subfield>
   <subfield code="d">2017-10-25</subfield>
   <subfield code="l">2</subfield>
   <subfield code="o">340.09 L302</subfield>
   <subfield code="p">MD.02282</subfield>
   <subfield code="r">2020-09-01</subfield>
   <subfield code="s">2020-08-19</subfield>
   <subfield code="v">91000.00</subfield>
   <subfield code="w">2017-10-25</subfield>
   <subfield code="y">BK</subfield>
  </datafield>
  <datafield tag="952" ind1=" " ind2=" ">
   <subfield code="0">0</subfield>
   <subfield code="1">0</subfield>
   <subfield code="2">ddc</subfield>
   <subfield code="4">0</subfield>
   <subfield code="6">340_090000000000000_L302</subfield>
   <subfield code="7">0</subfield>
   <subfield code="9">2183</subfield>
   <subfield code="a">000001</subfield>
   <subfield code="b">000001</subfield>
   <subfield code="d">2017-10-25</subfield>
   <subfield code="o">340.09 L302</subfield>
   <subfield code="p">MD.02287</subfield>
   <subfield code="r">2017-10-25</subfield>
   <subfield code="v">91000.00</subfield>
   <subfield code="w">2017-10-25</subfield>
   <subfield code="y">BK</subfield>
  </datafield>
  <datafield tag="952" ind1=" " ind2=" ">
   <subfield code="0">0</subfield>
   <subfield code="1">0</subfield>
   <subfield code="2">ddc</subfield>
   <subfield code="4">0</subfield>
   <subfield code="6">340_090000000000000_L302</subfield>
   <subfield code="7">0</subfield>
   <subfield code="9">2184</subfield>
   <subfield code="a">000001</subfield>
   <subfield code="b">000001</subfield>
   <subfield code="d">2017-10-25</subfield>
   <subfield code="o">340.09 L302</subfield>
   <subfield code="p">MD.02288</subfield>
   <subfield code="r">2017-10-25</subfield>
   <subfield code="v">91000.00</subfield>
   <subfield code="w">2017-10-25</subfield>
   <subfield code="y">BK</subfield>
  </datafield>
  <datafield tag="952" ind1=" " ind2=" ">
   <subfield code="0">0</subfield>
   <subfield code="1">0</subfield>
   <subfield code="2">ddc</subfield>
   <subfield code="4">0</subfield>
   <subfield code="6">340_090000000000000_L302</subfield>
   <subfield code="7">0</subfield>
   <subfield code="9">2185</subfield>
   <subfield code="a">000001</subfield>
   <subfield code="b">000001</subfield>
   <subfield code="d">2017-10-25</subfield>
   <subfield code="o">340.09 L302</subfield>
   <subfield code="p">MD.02289</subfield>
   <subfield code="r">2017-10-25</subfield>
   <subfield code="v">91000.00</subfield>
   <subfield code="w">2017-10-25</subfield>
   <subfield code="y">BK</subfield>
  </datafield>
  <datafield tag="952" ind1=" " ind2=" ">
   <subfield code="0">0</subfield>
   <subfield code="1">0</subfield>
   <subfield code="2">ddc</subfield>
   <subfield code="4">0</subfield>
   <subfield code="6">340_090000000000000_L302</subfield>
   <subfield code="7">0</subfield>
   <subfield code="9">2186</subfield>
   <subfield code="a">000001</subfield>
   <subfield code="b">000001</subfield>
   <subfield code="d">2017-10-25</subfield>
   <subfield code="l">1</subfield>
   <subfield code="o">340.09 L302</subfield>
   <subfield code="p">MD.02284</subfield>
   <subfield code="r">2019-03-25</subfield>
   <subfield code="s">2019-03-14</subfield>
   <subfield code="v">91000.00</subfield>
   <subfield code="w">2017-10-25</subfield>
   <subfield code="y">BK</subfield>
  </datafield>
  <datafield tag="952" ind1=" " ind2=" ">
   <subfield code="0">0</subfield>
   <subfield code="1">0</subfield>
   <subfield code="2">ddc</subfield>
   <subfield code="4">0</subfield>
   <subfield code="6">340_090000000000000_L302</subfield>
   <subfield code="7">0</subfield>
   <subfield code="9">2187</subfield>
   <subfield code="a">000001</subfield>
   <subfield code="b">000001</subfield>
   <subfield code="d">2017-10-25</subfield>
   <subfield code="o">340.09 L302</subfield>
   <subfield code="p">MD.02285</subfield>
   <subfield code="r">2017-10-25</subfield>
   <subfield code="v">91000.00</subfield>
   <subfield code="w">2017-10-25</subfield>
   <subfield code="y">BK</subfield>
  </datafield>
  <datafield tag="980" ind1=" " ind2=" ">
   <subfield code="a">Thư viện Trường Đại học Nam Cần Thơ</subfield>
  </datafield>
 </record>
</collection>
